Normal view
MARC view
Entry Personal Name
001 - CONTROL NUMBER
- control field: 6438
003 - CONTROL NUMBER IDENTIFIER
- control field: BD-RjUL
005 - DATE AND TIME OF LATEST TRANSACTION
- control field: 20221226154525.0
008 - FIXED-LENGTH DATA ELEMENTS
- fixed length control field: 221226|| aca||aabn | a|a d
040 ## - CATALOGING SOURCE
- Original cataloging agency: BD-RjUL
- Transcribing agency: BD-RjUL
100 ## - HEADING--PERSONAL NAME
- Personal name: baqwda, bihayaa bin yusuf ban, باقودا, بحيى بن يوسف بن
- Dates associated with a name: 1050؟-1120؟
670 ## - SOURCE DATA FOUND
- Source citation: Work cat.: (BD-RjUL)81018: baqwda, bihayaa bin yusuf ban, باقودا, بحيى بن يوسف بن 1050؟-1120؟, كتاب الهداية الى فرائض القلوب = Al- Hidaja ILa Fara'id Al- Qulub, ١٩٠٧-١٩١٢